000 00832cam a2200241 4500
008 090401t1996 xxu||||| |||| 00| 0 eng d
020 _a1900858029
035 _a(Sirsi) u44494
041 _aeng
050 _a690.24
110 _aBuilding Maintenance Information
_93229
245 _aRehabilitation costs.
260 _aKingston upon Thames
_bBuilding Maintenance Information
_c1996
300 _a11p. ; 30cm.
350 _a0
490 _aSerial
_v252
520 _aThis itme is part of a subscription service and cannot be photocopied. neither can any part of it be read out over the phone. Please contact BMI direct on 0171-222-7000 for details.
650 _aBUILT ENVIRONMENT-BUILDING COSTS
650 _aREHABILITATION COSTS
690 _aBUILT ENVIRONMENT-BUILDING COSTS
942 _n0
948 _c04/03/1997
999 _c91548
_d91548